| 000 | 00987nam a2200253 a 4500 | ||
|---|---|---|---|
| 001 | 000027552 | ||
| 003 | OSt | ||
| 005 | 20260321073641.0 | ||
| 008 | 091204s1988 dr a 000 0 spa d | ||
| 040 |
_aDO-SdBNP _bspa _cBNPHU |
||
| 082 |
_a320.97293 _bJ61c, 1988 |
||
| 100 | 1 |
_aJiménez, Felucho _923276 |
|
| 245 | 1 | 0 |
_a¿Cómo fue el gobierno de Juan Bosch ? / _cFelucho Jiménez. |
| 250 | _a2a ed. | ||
| 260 |
_aSanto Domingo : _bAlfa y Omega, _c1988. |
||
| 300 |
_a445 p. : _bil. ; _c21 cm. |
||
| 500 | _a"Constitución, leyes, decretos, discursos, programas y acciones relevantes del gobierno del Prof. Bosch del 1963. Incluye una entrevista especial al Prof. Bosch acerca de su programa de gobierno". | ||
| 590 | _aInventariado, 2018/ YL | ||
| 600 | 1 | 0 |
_a Bosch, Juan, _d1909-2001 _976555 |
| 651 | 4 |
_aRepública Dominicana _xPolítica Y Gobierno _y1961- _9204 |
|
| 651 | 4 |
_aRepública Dominicana _xHistoria _9170 |
|
| 910 | _aValidado. Control de calidad MFF | ||
| 942 |
_2ddc _cLBS1 |
||
| 999 |
_c27044 _d27044 |
||